000 03746nam a2200277 4500
003 NALT
005 20250725101238.0
008 250722b th ||||| |||| 00| 0 tha d
020 _a9786164733619
040 _aNALT
050 _aDS 575.5.C6
_bห551 2563
245 0 0 _a50 ปี ความสัมพันธ์ไทย-จีน พ.ศ. 2518-2568 /
_cบรรณาธิการบริหาร ฟู่ เจิงโหย่ว, หลี่ เหรินเหลียง.
250 _aพิมพ์ครั้งที่ 1.
260 _aสมุทรสาคร :
_bห้องสมุดดอตคอม,
_c2568.
300 _a292 หน้า :
_bภาพประกอบ, ตาราง, แผนภูมิ ;
_c29 ซม.
505 2 _aบทที่ 1 การเมืองและความมั่นคง -- ความสัมพันธ์จีน-ไทย: มิตรภาพที่มีมายาวนาน -- ความสัมพันธ์จีน-ไทย: ห้าทศวรรษแห่งสายใยมิตรภาพ ร่วมฝ่าอุปสรรคสู่อนาคต -- อิทธิพลและบทบาทของราชวงศ์ไทยต่อการพัฒนาความสัมพันธ์จีน-ไทย -- ความร่วมมือด้านความมั่นคงและการเป็นหุ้นส่วนทางยุทธศาสตร์ระหว่างไทยกับจีน -- การเชื่อมโยงโครงสร้างพื้นฐาน -- บทที่ 2 เศรษฐกิจการค้าการลงทุน -- การค้ารุ่งเรือง จีน-ไทยได้ประโยชน์ร่วมกัน -- การลงทุนจีน-ไทย: ร่วมสร้างอนาคต ก้าวสู่ความสำเร็จร่วมกัน -- ความร่วมมือทางการเงินระหว่างจีน-ไทย -- 50 ปีแห่งการแลกเปลี่ยนทางวัฒนธรรมไทย-จีน: การพัฒนาและลักษณะเฉพาะ -- บทที่ 3 สังคมวัฒนธรรม -- ความร่วมมือด้านวิทยาศาสตร์และเทคโนโลยีระหว่างจีนไทย -- ความร่วมมือด้านสาธารณสุขจีน-ไทย -- 50 ปีพัฒนาการความร่วมมือด้านการท่องเที่ยวไทย-จีน -- ความร่วมมือด้านกีฬาระหว่างจีนและไทย -- ความร่วมมือและแลกเปลี่ยนผลงานภาพยนต์และละครโทรทัศน์จีน-ไทย -- ส่งเสริมความเข้าใจระหว่างประชาชน.
651 4 _aไทย
_xความสัมพันธ์กับต่างประเทศ
_zจีน
_95864
651 4 _aจีน
_xความสัมพันธ์กับต่างประเทศ
_zไทย
_95865
700 1 _aฟู่, เจิงโหย่ว
_966347
700 1 _aหลี่, เหรินเหลียง
_966348
942 _2lcc
_cGB
996 _ajidapa.t
_bACQSTF
_c2025-07-22
996 _avaree.k
_bLIBSTF
_c2025-07-23
996 _asaiphon.d
_bCATSTF
_c2025-07-25
999 _c107006
_d107006
998 _j104
_k นางสาวสายฝน ดีงาม